00528nam a2200157Ia 4500008004100000040001800041041000800059100001500067245011200082260004200194300001800236490003000254504003600284650002600320650002400346130821s1972 sp gr spa  aCo-BoUCMbspa aspa aRufo, Juan 4aLas seiscientas apotegmas y otras obras en versocJuan Rufo; edición, prólogo y notas de Alberto Blecua aMadrid (España)bEspasa-Calpec1972 a404 páginas aCl sicos Castellanos; 170 aIncluye notas a pie de página04aLiteratura española04aPoesía española